[Event "XXVI Turniej Szachowy Juniorow "]
[Site "UKS MDK-1 Hetman Bydgoszcz"]
[Date "2009.??.??"]
[Round "4.2"]
[White "Drozdowski, Kacper"]
[Black "Bokiej, Przemyslaw"]
[Result "1-0"]
[WhiteElo "2039"]
[BlackElo "2054"]
[PlyCount "115"]
[EventDate "2009.??.??"]

1. e4 e6 2. d4 d5 3. Nc3 Nf6 4. Bg5 Be7 5. e5 Ne4 6. Nxe4 Bxg5 7. Nxg5 Qxg5 8.
Nf3 Qe7 9. c3 O-O 10. Bd3 b6 11. O-O Ba6 12. Bxa6 Nxa6 13. Qd3 Nb8 14. Nd2 Nd7
15. Rae1 c5 16. Re3 cxd4 17. Rh3 h6 18. cxd4 Rac8 19. f4 Qb4 20. f5 exf5 21.
Nf3 g6 22. Rxh6 Kg7 23. Qe3 Qxb2 24. Nh4 Rg8 25. e6 Nf6 26. Nxf5+ gxf5 27. Rxf6
Kf8 28. Rxf7+ Ke8 29. g3 Rc2 30. Rh7 Rd2 31. Qf4 Qxd4+ 32. Qxd4 Rxd4 33. Rxa7
Rg6 34. e7 Re6 35. Rxf5 Rxe7 36. Rxe7+ Kxe7 37. Rf2 Kd6 38. Rb2 Kc5 39. Kf2 Re4
40. Re2 Rc4 41. Ke1 Kd4 42. Kd1 Ra4 43. g4 Kc3 44. Re3+ Kd4 45. Re2 Kc3 46. g5
Rd4+ 47. Kc1 Rf4 48. Rc2+ Kd3 49. Rg2 d4 50. g6 Kc3 51. Rc2+ Kd3 52. Rg2 Kc3
53. Rg1 Rf2 54. g7 Rxa2 55. Rg3+ d3 56. Rxd3+ Kxd3 57. g8=Q Rxh2 58. Qg3+ 1-0

[Event "XXVI Turniej Szachowy Juniorow "]
[Site "UKS MDK-1 Hetman Bydgoszcz"]
[Date "2009.??.??"]
[Round "4.3"]
[White "Januszewski, Piotr"]
[Black "Kotula, Oktawia"]
[Result "1-0"]
[WhiteElo "1848"]
[BlackElo "1737"]
[PlyCount "59"]
[EventDate "2009.??.??"]

1. e4 c5 2. Nf3 Nc6 3. d4 cxd4 4. Nxd4 g6 5. c4 Bg7 6. Be3 Nf6 7. Nc3 O-O 8.
Be2 d6 9. O-O Bd7 10. Qd2 a6 11. f4 Rc8 12. Rad1 Nxd4 13. Bxd4 Bc6 14. Qe3 Qd7
15. h3 b5 16. e5 dxe5 17. fxe5 Ne8 18. Bg4 e6 19. Bc5 Qb7 20. cxb5 axb5 21. Bf3
Nc7 22. Bxc6 Qxc6 23. Bxf8 Bxf8 24. Qf3 Qxf3 25. Rxf3 b4 26. Ne4 Nd5 27. Nf6+
Nxf6 28. exf6 h5 29. Rfd3 Bc5+ 30. Kf1 1-0

[Event "XXVI Turniej Szachowy Juniorow "]
[Site "UKS MDK-1 Hetman Bydgoszcz"]
[Date "2009.??.??"]
[Round "4.4"]
[White "Nowacki, Krzysztof"]
[Black "Kotula, Konrad"]
[Result "0-1"]
[WhiteElo "1693"]
[BlackElo "1756"]
[PlyCount "92"]
[EventDate "2009.??.??"]

1. e4 c5 2. Nf3 Nc6 3. d4 cxd4 4. Nxd4 g6 5. Be3 Nf6 6. f3 Bg7 7. Qd2 O-O 8. c3
d5 9. Nxc6 bxc6 10. exd5 cxd5 11. Bd3 e5 12. O-O Bb7 13. Bc5 Re8 14. Bb5 Re6
15. Be3 a6 16. Be2 d4 17. Bf2 Nd5 18. cxd4 exd4 19. Bc4 Rc8 20. Na3 Rec6 21.
Bb3 Ne3 22. Bxe3 dxe3 23. Qxd8+ Rxd8 24. Nc4 Bd4 25. Rfe1 e2+ 26. Kh1 Re8 27.
Ba4 Rxc4 28. Bxe8 Rc2 29. Rec1 Rd2 30. Rab1 Bxb2 31. Re1 Bd5 32. Ba4 Bxa2 33.
Rxb2 Rxb2 34. Kg1 Rb1 35. Rxb1 Bxb1 36. Kf2 Bd3 37. Bb3 Kf8 38. Ke1 Ke7 39. Ba4
Kd6 40. Bb3 f6 41. Kd2 Bb5 42. f4 g5 43. Bc2 h6 44. fxg5 fxg5 45. Bb3 Kc5 46.
Bc2 Kb4 0-1

[Event "XXVI Turniej Szachowy Juniorow "]
[Site "UKS MDK-1 Hetman Bydgoszcz"]
[Date "2009.??.??"]
[Round "4.5"]
[White "Mazalon, Mateusz"]
[Black "Licznerski, Lukasz"]
[Result "0-1"]
[WhiteElo "1728"]
[BlackElo "1932"]
[PlyCount "80"]
[EventDate "2009.??.??"]

1. e4 e6 2. d4 d5 3. Nc3 Nf6 4. e5 Nfd7 5. Nf3 c5 6. dxc5 Nc6 7. Bf4 Bxc5 8.
Bd3 f6 9. exf6 Nxf6 10. O-O O-O 11. Re1 e5 12. Bxe5 Nxe5 13. Rxe5 Bxf2+ 14. Kh1
Bb6 15. h3 Ng4 16. hxg4 Bxg4 17. Rxd5 Qf6 18. Bc4 Kh8 19. Rd6 Bxf3 20. Rxf6
Bxd1 21. Rxf8+ Rxf8 22. Rxd1 Rf4 23. Be6 Rh4+ 24. Bh3 g5 25. Nd5 Bf2 26. Rf1
Bc5 27. Nf6 h5 28. Nd7 Bd6 29. Rf6 Rd4 30. g3 g4 31. Rh6+ Kg7 32. Rxh5 gxh3 33.
Rxh3 Rd1+ 34. Kg2 Rd2+ 35. Kg1 Rxc2 36. Rh5 Rc7 37. Ne5 Rc5 38. Rg5+ Kf6 39.
Rh5 Bxe5 40. Rh7 Rc7 0-1

[Event "XXVI Turniej Szachowy Juniorow "]
[Site "UKS MDK-1 Hetman Bydgoszcz"]
[Date "2009.??.??"]
[Round "4.6"]
[White "Gajek, Radoslaw"]
[Black "Zebracki, Tomasz"]
[Result "1-0"]
[WhiteElo "1720"]
[BlackElo "1795"]
[PlyCount "93"]
[EventDate "2009.??.??"]

1. e4 e6 2. d3 c5 3. Nf3 Nc6 4. g3 g6 5. Bg2 Bg7 6. O-O d6 7. Bg5 Nge7 8. c3
Rb8 9. Qd2 b5 10. d4 O-O 11. Re1 h6 12. Bxh6 Qa5 13. Bxg7 Kxg7 14. Na3 Ba6 15.
d5 b4 16. cxb4 Nxb4 17. Qc3+ f6 18. Ng5 Kg8 19. Nxe6 Rf7 20. Re3 Qa4 21. Bh3
Kh7 22. Rf3 Nxa2 23. Qe3 Ng8 24. Ng5+ Kg7 25. Nxf7 Rxb2 26. Re1 Nb4 27. Nxd6
Nd3 28. Ra1 Ne5 29. Rf4 Ra2 30. Qc1 Nd3 31. Qc3 Nxf4 32. gxf4 Qb4 33. Qxb4
Rxa1+ 34. Qb1 Rxa3 35. Kg2 c4 36. Qc1 Rb3 37. Nxc4 Bb5 38. Nd6 Be2 39. Qc7+ Kh6
40. Nf7+ Kh5 41. Qc2 Bf3+ 42. Kg1 Ra3 43. Qc1 Rd3 44. Bf1 Rd1 45. Qe3 Bg4 46.
h3 g5 47. f5 1-0

[Event "XXVI Turniej Szachowy Juniorow "]
[Site "UKS MDK-1 Hetman Bydgoszcz"]
[Date "2009.??.??"]
[Round "4.7"]
[White "Zwara, Szymon"]
[Black "Snihur, Piotr"]
[Result "0-1"]
[WhiteElo "1450"]
[BlackElo "1720"]
[PlyCount "51"]
[EventDate "2009.??.??"]

1. d4 Nf6 2. c4 e5 3. e3 e4 4. Nc3 c6 5. Qb3 d5 6. cxd5 cxd5 7. Bd2 Nc6 8. Nge2
Rb8 9. Nf4 Be6 10. Rc1 a6 11. Be2 Be7 12. g4 g5 13. Nxe6 fxe6 14. f3 exf3 15.
Bxf3 Bd6 16. e4 O-O 17. Bxg5 Nxd4 18. Qd1 Nxf3+ 19. Qxf3 Nxe4 20. Qxe4 Qxg5 21.
Qxe6+ Kh8 22. Rd1 Rbe8 23. Qxe8 Rxe8+ 24. Kf2 Qf4+ 25. Kg2 Qxg4+ 26. Kf2 0-1

[Event "XXVI Turniej Szachowy Juniorow "]
[Site "UKS MDK-1 Hetman Bydgoszcz"]
[Date "2009.??.??"]
[Round "4.8"]
[White "Gora, Antonina"]
[Black "Szulgacz, Maciej"]
[Result "0-1"]
[WhiteElo "1583"]
[BlackElo "1529"]
[PlyCount "88"]
[EventDate "2009.??.??"]

1. e4 d6 2. d4 Nf6 3. Nc3 g6 4. Bg5 Bg7 5. Qd2 Nbd7 6. O-O-O c5 7. Nf3 a6 8. h3
b5 9. Re1 Qa5 10. Kb1 Bb7 11. d5 Rc8 12. Nd1 b4 13. c4 bxc3 14. Nxc3 Rb8 15.
Nd1 Qa4 16. Bd3 c4 17. Bc2 Qb5 18. Nc3 Qb6 19. Nd1 h6 20. Be3 Nc5 21. Bd4 O-O
22. Qe2 Qb5 23. Nc3 Qb6 24. Na4 Qb5 25. Nc3 Qd7 26. Bxc5 dxc5 27. Qxc4 Rfc8 28.
Bb3 Qc7 29. Rd1 Ne8 30. Qe2 c4 31. Bc2 Bxc3 32. bxc3 Bxd5+ 33. Ka1 Be6 34. Rb1
Nd6 35. Rxb8 Rxb8 36. Rb1 Nb5 37. Qd2 Kh7 38. Ba4 Nd6 39. e5 Ne4 40. Qe3 Nc5
41. Bc2 Rd8 42. h4 Nd3 43. Nd4 Qa5 44. Qd2 Rxd4 0-1

[Event "XXVI Turniej Szachowy Juniorow "]
[Site "UKS MDK-1 Hetman Bydgoszcz"]
[Date "2009.??.??"]
[Round "4.9"]
[White "Czajkowski, Mateusz"]
[Black "Kacperski, Wojciech"]
[Result "1-0"]
[WhiteElo "1685"]
[BlackElo "1546"]
[PlyCount "39"]
[EventDate "2009.??.??"]

1. e4 c6 2. d4 d5 3. Nc3 dxe4 4. Nxe4 Nd7 5. Bc4 Ngf6 6. Ng5 e6 7. Qe2 Nb6 8.
Bb3 Bd6 9. N1f3 O-O 10. c3 c5 11. O-O Bd7 12. Bc2 h6 13. Ne4 Nbd5 14. Nxd6 Qc7
15. Ne4 cxd4 16. Nxf6+ Nxf6 17. Nxd4 e5 18. Nf5 a6 19. Qf3 Rae8 20. Qg3 1-0

[Event "XXVI Turniej Szachowy Juniorow "]
[Site "UKS MDK-1 Hetman Bydgoszcz"]
[Date "2009.??.??"]
[Round "5.1"]
[White "Brzezinski, Mateusz"]
[Black "Drozdowski, Kacper"]
[Result "0-1"]
[WhiteElo "1931"]
[BlackElo "2039"]
[PlyCount "78"]
[EventDate "2009.??.??"]

1. c4 e5 2. Nc3 Nf6 3. g3 d5 4. cxd5 Nxd5 5. Bg2 Nb6 6. Nf3 Nc6 7. d3 Be7 8.
Be3 O-O 9. O-O Be6 10. Rc1 Nd5 11. Nxd5 Bxd5 12. a3 Re8 13. Bc5 Bd6 14. e4 Be6
15. d4 Bxc5 16. dxc5 Qf6 17. h3 Rad8 18. Qe2 a6 19. Qe3 Nd4 20. Nxd4 Rxd4 21.
Rfd1 Red8 22. Rxd4 exd4 23. Qd3 Qh6 24. Re1 Bxh3 25. Bxh3 Qxh3 26. e5 Qe6 27.
Re4 Qd5 28. b4 h6 29. Kf1 b6 30. cxb6 cxb6 31. f3 b5 32. Ke2 Qa2+ 33. Kf1 Qb2
34. Re2 Qc1+ 35. Kf2 Qh1 36. f4 h5 37. f5 h4 38. gxh4 Qxh4+ 39. Kf1 Qh1+ 0-1

[Event "XXVI Turniej Szachowy Juniorow "]
[Site "UKS MDK-1 Hetman Bydgoszcz"]
[Date "2009.??.??"]
[Round "5.2"]
[White "Marchlewicz, Damian"]
[Black "Januszewski, Piotr"]
[Result "1/2-1/2"]
[WhiteElo "1911"]
[BlackElo "1848"]
[PlyCount "59"]
[EventDate "2009.??.??"]

1. d4 Nf6 2. Nf3 d6 3. c4 Nbd7 4. Nc3 e5 5. dxe5 dxe5 6. Bg5 Be7 7. Qc2 c6 8.
e3 O-O 9. Bd3 h6 10. Bh4 Re8 11. Bg3 Bb4 12. Bf5 Qa5 13. O-O Bxc3 14. bxc3 Nb6
15. Bxc8 Raxc8 16. Nd2 Qa4 17. Qb3 Rcd8 18. Rfd1 Rd3 19. c5 Red8 20. cxb6 Qxb3
21. axb3 axb6 22. Bxe5 Rxd2 23. Rxd2 Rxd2 24. h3 Nd7 25. Bc7 Rd3 26. Ra8+ Kh7
27. Rd8 b5 28. b4 Ne5 29. Rxd3 Nxd3 30. Kf1 1/2-1/2

[Event "XXVI Turniej Szachowy Juniorow "]
[Site "UKS MDK-1 Hetman Bydgoszcz"]
[Date "2009.??.??"]
[Round "5.3"]
[White "Licznerski, Lukasz"]
[Black "Kotula, Konrad"]
[Result "1/2-1/2"]
[WhiteElo "1932"]
[BlackElo "1756"]
[PlyCount "21"]
[EventDate "2009.??.??"]

1. e4 c5 2. Nf3 Nc6 3. d4 cxd4 4. Nxd4 g6 5. Nc3 Bg7 6. Be3 Nf6 7. Bc4 O-O 8.
Bb3 a6 9. O-O d6 10. f3 Bd7 11. a4 1/2-1/2

[Event "XXVI Turniej Szachowy Juniorow "]
[Site "UKS MDK-1 Hetman Bydgoszcz"]
[Date "2009.??.??"]
[Round "5.4"]
[White "Bokiej, Przemyslaw"]
[Black "Gajek, Radoslaw"]
[Result "1-0"]
[WhiteElo "2054"]
[BlackElo "1720"]
[PlyCount "67"]
[EventDate "2009.??.??"]

1. e4 g6 2. d4 Bg7 3. Nc3 d6 4. f4 c5 5. d5 Nf6 6. Nf3 O-O 7. Bd3 Bd7 8. Qd2 a6
9. a4 b6 10. O-O e6 11. h3 Re8 12. Qf2 exd5 13. exd5 Ra7 14. Bd2 Rb7 15. f5 b5
16. axb5 axb5 17. fxg6 fxg6 18. Ng5 Rf8 19. Qh4 c4 20. Rxf6 Rxf6 21. Qxh7+ Kf8
22. Bxg6 Qb6+ 23. Kh1 Ra7 24. Re1 Ra6 25. Nce4 Rf2 26. Be3 Qxe3 27. Rxe3 Ra1+
28. Kh2 Be5+ 29. Ng3 Rff1 30. Rxe5 dxe5 31. Nxf1 Rxf1 32. d6 Rh1+ 33. Kxh1 Nc6
34. Qf7# 1-0

[Event "XXVI Turniej Szachowy Juniorow "]
[Site "UKS MDK-1 Hetman Bydgoszcz"]
[Date "2009.??.??"]
[Round "5.5"]
[White "Kotula, Oktawia"]
[Black "Nowacki, Krzysztof"]
[Result "1/2-1/2"]
[WhiteElo "1737"]
[BlackElo "1693"]
[PlyCount "26"]
[EventDate "2009.??.??"]

1. c4 c5 2. Nc3 Nc6 3. Nf3 g6 4. g3 Bg7 5. Bg2 Nf6 6. O-O O-O 7. d4 d6 8. dxc5
dxc5 9. Be3 Qa5 10. Qb3 Ng4 11. Nd5 e6 12. Nf4 Nxe3 13. Qxe3 Nd4 1/2-1/2

[Event "XXVI Turniej Szachowy Juniorow "]
[Site "UKS MDK-1 Hetman Bydgoszcz"]
[Date "2009.??.??"]
[Round "5.6"]
[White "Snihur, Piotr"]
[Black "Szulgacz, Maciej"]
[Result "0-1"]
[WhiteElo "1720"]
[BlackElo "1529"]
[PlyCount "84"]
[EventDate "2009.??.??"]

1. e4 d6 2. d4 Nf6 3. Nc3 g6 4. f3 Bg7 5. Be3 Nbd7 6. Bc4 O-O 7. Qd2 c5 8. a3
a6 9. Nge2 Qc7 10. Ba2 b5 11. g4 c4 12. Bh6 e5 13. Bxg7 Kxg7 14. d5 h5 15. h3
Rh8 16. O-O-O h4 17. f4 Qb6 18. g5 Nh5 19. Rdf1 a5 20. f5 b4 21. Nd1 Ba6 22. c3
bxa3 23. bxa3 Nc5 24. Nf2 Nb3+ 25. Bxb3 cxb3 26. fxg6 fxg6 27. Nd3 Qb5 28. Rf3
Rhf8 29. Re3 Rab8 30. Kb2 Rbe8 31. Re1 Rf7 32. Ng1 Ref8 33. R1e2 Ng3 34. Rxg3
hxg3 35. Nc1 Qb6 36. Re1 Rf2 37. Nge2 g2 38. Rg1 Bxe2 39. Nxe2 Rxe2 40. Qxe2
Qxg1 41. Qa6 Qf2+ 42. Kxb3 Rb8+ 0-1

[Event "XXVI Turniej Szachowy Juniorow "]
[Site "UKS MDK-1 Hetman Bydgoszcz"]
[Date "2009.??.??"]
[Round "5.7"]
[White "Zebracki, Tomasz"]
[Black "Zwara, Szymon"]
[Result "1/2-1/2"]
[WhiteElo "1795"]
[BlackElo "1450"]
[PlyCount "40"]
[EventDate "2009.??.??"]

1. e4 e5 2. Nc3 Nf6 3. Bc4 Nc6 4. d3 Bb4 5. f4 exf4 6. Bxf4 d5 7. exd5 Nxd5 8.
Bd2 Nxc3 9. bxc3 Bd6 10. Nf3 O-O 11. O-O Bg4 12. Rb1 Ne5 13. Bb3 Nxf3+ 14. gxf3
Bxh2+ 15. Kxh2 Qh4+ 16. Kg1 Qg3+ 17. Kh1 Qh3+ 18. Kg1 Qg3+ 19. Kh1 Qh3+ 20. Kg1
Qg3+ 1/2-1/2

[Event "XXVI Turniej Szachowy Juniorow "]
[Site "UKS MDK-1 Hetman Bydgoszcz"]
[Date "2009.??.??"]
[Round "5.8"]
[White "Czajkowski, Mateusz"]
[Black "Mazalon, Mateusz"]
[Result "0-1"]
[WhiteElo "1685"]
[BlackElo "1728"]
[PlyCount "40"]
[EventDate "2009.??.??"]

1. e4 c5 2. b4 cxb4 3. a3 e6 4. axb4 Bxb4 5. Bb2 Nf6 6. f3 O-O 7. Nc3 d5 8. Bd3
Nc6 9. Nge2 a6 10. exd5 Nxd5 11. Nxd5 exd5 12. O-O Bd6 13. Kh1 Nb4 14. Nc1 Qh4
15. g3 Bxg3 16. Qe2 Bf4 17. Rg1 f6 18. Qg2 g6 19. Bf1 Nxc2 20. Ba3 Ne1 0-1

[Event "XXVI Turniej Szachowy Juniorow "]
[Site "UKS MDK-1 Hetman Bydgoszcz"]
[Date "2009.??.??"]
[Round "5.9"]
[White "Kacperski, Wojciech"]
[Black "Gora, Antonina"]
[Result "1/2-1/2"]
[WhiteElo "1546"]
[BlackElo "1583"]
[PlyCount "45"]
[EventDate "2009.??.??"]

1. d4 Nf6 2. c4 g6 3. Nc3 d5 4. Bf4 c6 5. e3 Bg7 6. Bd3 O-O 7. Nf3 c5 8. Ne2
Nc6 9. Rc1 Qa5+ 10. Nd2 Qxa2 11. cxd5 Qxd5 12. Rxc5 Qxg2 13. Rg1 Qh3 14. Bg3
Rd8 15. Nf4 Rf8 16. Ne2 Qd7 17. Qb3 Qd8 18. d5 Nd7 19. Rc1 Nce5 20. Be4 Qa5 21.
Qa3 Qxa3 22. bxa3 f5 23. Bb1 1/2-1/2

[Event "XXVI Turniej Szachowy Juniorow "]
[Site "UKS MDK-1 Hetman Bydgoszcz"]
[Date "2009.??.??"]
[Round "6.1"]
[White "Drozdowski, Kacper"]
[Black "Januszewski, Piotr"]
[Result "1/2-1/2"]
[WhiteElo "2039"]
[BlackElo "1848"]
[PlyCount "48"]
[EventDate "2009.??.??"]

1. e4 c5 2. Nf3 Nc6 3. d4 cxd4 4. Nxd4 g6 5. Be3 Bg7 6. Nc3 Nf6 7. Bc4 O-O 8.
O-O d6 9. h3 Nxe4 10. Nxe4 d5 11. Nxc6 bxc6 12. Bd3 dxe4 13. Bxe4 Ba6 14. Re1
Bxb2 15. Rb1 Bc3 16. Qxd8 Rfxd8 17. Red1 Bb5 18. Rxd8+ Rxd8 19. Bxa7 f5 20. Bd3
Bxd3 21. Rd1 Ra8 22. Rxd3 Rxa7 23. Rxc3 Rxa2 24. Rxc6 Ra1+ 1/2-1/2

[Event "XXVI Turniej Szachowy Juniorow "]
[Site "UKS MDK-1 Hetman Bydgoszcz"]
[Date "2009.??.??"]
[Round "6.2"]
[White "Kotula, Konrad"]
[Black "Marchlewicz, Damian"]
[Result "0-1"]
[WhiteElo "1756"]
[BlackElo "1911"]
[PlyCount "80"]
[EventDate "2009.??.??"]

1. c4 Nf6 2. d4 c6 3. Nf3 d5 4. e3 g6 5. Bd3 Bg7 6. O-O O-O 7. b3 Ne4 8. Qc2 f5
9. Nc3 Na6 10. Ba3 Nc7 11. Rac1 Nxc3 12. Qxc3 Re8 13. cxd5 Nxd5 14. Bc4 Be6 15.
Ng5 Bf7 16. Nxf7 Kxf7 17. e4 fxe4 18. f3 e3 19. Qxe3 e6 20. Qd2 Qh4 21. Rcd1
Rad8 22. g3 Qh6 23. f4 Qh3 24. Rfe1 h5 25. Re5 Bxe5 26. fxe5 Kg7 27. Rf1 Qg4
28. Bxd5 Rxd5 29. Rf4 Qh3 30. Qf2 Rd7 31. Bf8+ Kg8 32. Bh6 c5 33. Rf8+ Rxf8 34.
Qxf8+ Kh7 35. Qe8 Rc7 36. dxc5 Qf5 37. Qd8 Rf7 38. Bf4 Qb1+ 39. Kg2 Qc2+ 40.
Kh3 Qxc5 0-1

[Event "XXVI Turniej Szachowy Juniorow "]
[Site "UKS MDK-1 Hetman Bydgoszcz"]
[Date "2009.??.??"]
[Round "6.3"]
[White "Szulgacz, Maciej"]
[Black "Brzezinski, Mateusz"]
[Result "1-0"]
[WhiteElo "1529"]
[BlackElo "1931"]
[PlyCount "71"]
[EventDate "2009.??.??"]

1. d4 d5 2. c4 e6 3. Nc3 Nf6 4. Bg5 c6 5. Nf3 dxc4 6. e4 b5 7. e5 h6 8. Bh4 g5
9. Nxg5 hxg5 10. Bxg5 Nbd7 11. exf6 Qb6 12. Be2 Bb7 13. Bf3 O-O-O 14. O-O c5
15. Bxb7+ Qxb7 16. dxc5 Nxc5 17. Qe2 Bh6 18. Qe3 Bxg5 19. Qxc5+ Qc7 20. Qxc7+
Kxc7 21. Nxb5+ Kb6 22. Na3 Rd4 23. Rfd1 Rdh4 24. h3 Rc8 25. Rd6+ Kc5 26. Ra6
Bxf6 27. b4+ Kxb4 28. Rb1+ Kc3 29. Rc1+ Kd2 30. Rc2+ Kd3 31. Rxa7 Rh7 32. Rc1
Bb2 33. Rd7+ Ke4 34. Rxc4+ Rxc4 35. Nxc4 Bd4 36. Nd6+ 1-0

[Event "XXVI Turniej Szachowy Juniorow "]
[Site "UKS MDK-1 Hetman Bydgoszcz"]
[Date "2009.??.??"]
[Round "6.4"]
[White "Licznerski, Lukasz"]
[Black "Bokiej, Przemyslaw"]
[Result "1/2-1/2"]
[WhiteElo "1932"]
[BlackElo "2054"]
[PlyCount "65"]
[EventDate "2009.??.??"]

1. e4 e6 2. d4 d5 3. Nd2 Nf6 4. e5 Nfd7 5. Bd3 c5 6. c3 Nc6 7. Ne2 cxd4 8. cxd4
f6 9. Nf4 Nxd4 10. Qh5+ Ke7 11. Ng6+ hxg6 12. exf6+ Nxf6 13. Qxh8 Kf7 14. Qh4
e5 15. Nf3 Nxf3+ 16. gxf3 Bf5 17. Bxf5 gxf5 18. Bg5 Be7 19. Bxf6 Qa5+ 20. b4
Qxb4+ 21. Qxb4 Bxb4+ 22. Ke2 Kxf6 23. Rab1 a5 24. a3 Bxa3 25. Rb6+ Kg5 26. Rg1+
Kf4 27. Rxg7 Rh8 28. Rf6 e4 29. fxe4 dxe4 30. Rxb7 Bb4 31. Rb5 Rh5 32. Rf7 Bc3
33. Rc5 1/2-1/2

[Event "XXVI Turniej Szachowy Juniorow "]
[Site "UKS MDK-1 Hetman Bydgoszcz"]
[Date "2009.??.??"]
[Round "6.5"]
[White "Mazalon, Mateusz"]
[Black "Kotula, Oktawia"]
[Result "1/2-1/2"]
[WhiteElo "1728"]
[BlackElo "1737"]
[PlyCount "53"]
[EventDate "2009.??.??"]

1. e4 c5 2. Nf3 Nc6 3. d3 g6 4. Nc3 Bg7 5. g3 Nf6 6. Bg2 O-O 7. O-O d5 8. Bf4
Bg4 9. h3 Bxf3 10. Bxf3 dxe4 11. Bxe4 Nxe4 12. dxe4 Rc8 13. Qxd8 Rfxd8 14. Rad1
e6 15. Rfe1 Rxd1 16. Rxd1 b6 17. Rd3 Bxc3 18. Rxc3 Nd4 19. Kf1 Rd8 20. Be3 a5
21. Bxd4 Rxd4 22. f3 Kg7 23. a3 Kf6 24. Ke2 Ke5 25. Rd3 f5 26. Rxd4 Kxd4 27.
exf5 1/2-1/2

[Event "XXVI Turniej Szachowy Juniorow "]
[Site "UKS MDK-1 Hetman Bydgoszcz"]
[Date "2009.??.??"]
[Round "6.6"]
[White "Nowacki, Krzysztof"]
[Black "Zebracki, Tomasz"]
[Result "0-1"]
[WhiteElo "1693"]
[BlackElo "1795"]
[PlyCount "80"]
[EventDate "2009.??.??"]

1. e4 e6 2. d4 d5 3. Nd2 c5 4. Ngf3 Nf6 5. e5 Nfd7 6. c3 Nc6 7. Nb3 Qb6 8. Be2
cxd4 9. cxd4 Bb4+ 10. Bd2 O-O 11. Bxb4 Qxb4+ 12. Qd2 Qxd2+ 13. Nfxd2 a5 14. a4
Nb4 15. Kd1 b6 16. Nc1 Ba6 17. Ndb3 Nb8 18. Kd2 Rc8 19. Bd1 N8c6 20. f3 f6 21.
f4 fxe5 22. fxe5 Rf8 23. Bf3 Rf4 24. Ke3 g5 25. g3 Nc2+ 26. Kd2 Rxf3 27. Kxc2
Rc8 28. Kb1 Nb4 29. Ra3 Rf2 30. Na1 Bf1 31. Rc3 Rcf8 32. Nab3 Bg2 33. Rg1 Be4+
34. Ka1 Rxh2 35. Rc7 Rff2 36. Rc8+ Kg7 37. Rc7+ Kg6 38. Re7 Rxb2 39. Rxe6+ Kg7
40. Re7+ Kf8 0-1

[Event "XXVI Turniej Szachowy Juniorow "]
[Site "UKS MDK-1 Hetman Bydgoszcz"]
[Date "2009.??.??"]
[Round "6.7"]
[White "Gajek, Radoslaw"]
[Black "Snihur, Piotr"]
[Result "1-0"]
[WhiteElo "1720"]
[BlackElo "1720"]
[PlyCount "74"]
[EventDate "2009.??.??"]

1. e4 c5 2. Nf3 d6 3. d4 cxd4 4. Nxd4 Nf6 5. Nc3 g6 6. Be3 Bg7 7. f3 Nc6 8. Qd2
O-O 9. O-O-O a6 10. g4 Ne5 11. h4 Be6 12. Nxe6 fxe6 13. Be2 b5 14. h5 Qc7 15.
hxg6 hxg6 16. Bh6 Rfb8 17. Bxg7 Kxg7 18. Qh6+ Kf7 19. Qf4 Kg8 20. Rh2 b4 21.
Rdh1 bxc3 22. Qxf6 cxb2+ 23. Kb1 Qxc2+ 24. Kxc2 b1=Q+ 25. Rxb1 exf6 26. f4 Nc6
27. Rbh1 Nd4+ 28. Kd3 e5 29. Rh8+ Kf7 30. R1h7+ Ke6 31. f5+ gxf5 32. gxf5+ Nxf5
33. Bg4 d5 34. Bxf5+ Kd6 35. Rd7+ Kc5 36. Rxd5+ Kb4 37. Rxb8+ Rxb8 1-0

[Event "XXVI Turniej Szachowy Juniorow "]
[Site "UKS MDK-1 Hetman Bydgoszcz"]
[Date "2009.??.??"]
[Round "6.8"]
[White "Zwara, Szymon"]
[Black "Kacperski, Wojciech"]
[Result "1/2-1/2"]
[WhiteElo "1450"]
[BlackElo "1546"]
[PlyCount "50"]
[EventDate "2009.??.??"]

1. e4 c6 2. d4 d5 3. Nc3 dxe4 4. Nxe4 Nf6 5. Bd3 Nxe4 6. Bxe4 Nd7 7. Nf3 Nf6 8.
Bd3 Bg4 9. c3 e6 10. O-O Be7 11. h3 Bh5 12. Be2 O-O 13. Re1 Qc7 14. Ne5 Bxe2
15. Qxe2 c5 16. Bf4 Bd6 17. Bg5 Nd7 18. Ng4 Bf4 19. Bxf4 Qxf4 20. Qb5 Qc7 21.
Rad1 a6 22. Qb3 c4 23. Qc2 Rae8 24. Qe2 f5 25. Ne5 b5 1/2-1/2

[Event "XXVI Turniej Szachowy Juniorow "]
[Site "UKS MDK-1 Hetman Bydgoszcz"]
[Date "2009.??.??"]
[Round "6.9"]
[White "Gora, Antonina"]
[Black "Czajkowski, Mateusz"]
[Result "1/2-1/2"]
[WhiteElo "1583"]
[BlackElo "1685"]
[PlyCount "40"]
[EventDate "2009.??.??"]

1. e4 c6 2. d4 d5 3. f3 e6 4. e5 c5 5. f4 Nc6 6. Nf3 Qb6 7. c3 cxd4 8. Nxd4
Nxd4 9. Qxd4 Qxd4 10. cxd4 Ne7 11. Be3 Nf5 12. Bf2 Bb4+ 13. Nc3 Bxc3+ 14. bxc3
Bd7 15. c4 Bc6 16. cxd5 Bxd5 17. Bb5+ Kd8 18. O-O a6 19. Bd3 Ne7 20. Bh4 g6
1/2-1/2

[Event "XXVI Turniej Szachowy Juniorow "]
[Site "UKS MDK-1 Hetman Bydgoszcz"]
[Date "2009.??.??"]
[Round "7.2"]
[White "Marchlewicz, Damian"]
[Black "Bokiej, Przemyslaw"]
[Result "1/2-1/2"]
[WhiteElo "1911"]
[BlackElo "2054"]
[PlyCount "42"]
[EventDate "2009.??.??"]

1. d4 d5 2. Nf3 Nc6 3. Bf4 Bg4 4. e3 Nf6 5. c4 e6 6. Nc3 Bd6 7. Bg3 Bxg3 8.
hxg3 O-O 9. Be2 Re8 10. O-O dxc4 11. Bxc4 Nd5 12. Be2 Nb6 13. Ne5 Bxe2 14. Nxc6
Bxd1 15. Nxd8 Raxd8 16. Rfxd1 f5 17. Rac1 Rd7 18. Kf1 Red8 19. Ke2 c6 20. Nb1
Kf7 21. Nd2 Kf6 1/2-1/2

[Event "XXVI Turniej Szachowy Juniorow "]
[Site "UKS MDK-1 Hetman Bydgoszcz"]
[Date "2009.??.??"]
[Round "7.3"]
[White "Januszewski, Piotr"]
[Black "Kotula, Konrad"]
[Result "1-0"]
[WhiteElo "1848"]
[BlackElo "1756"]
[PlyCount "53"]
[EventDate "2009.??.??"]

1. e4 e5 2. Nf3 f5 3. Nxe5 Qf6 4. d4 d6 5. Nc4 fxe4 6. Nc3 Qg6 7. f3 exf3 8.
Qxf3 Nf6 9. Bd3 Qf7 10. O-O Nc6 11. Re1+ Be7 12. Nb5 Kd8 13. c3 a6 14. Nba3 Rf8
15. Ne3 g6 16. Nac4 Qg7 17. Qe2 b5 18. Nd2 Qf7 19. Nf3 Nh5 20. Nd5 Nf6 21. Nxe7
Qxe7 22. Qxe7+ Nxe7 23. Bh6 Re8 24. Bg5 Nfg8 25. Be4 Ra7 26. Bd5 c6 27. Bxc6
1-0

[Event "XXVI Turniej Szachowy Juniorow "]
[Site "UKS MDK-1 Hetman Bydgoszcz"]
[Date "2009.??.??"]
[Round "7.4"]
[White "Brzezinski, Mateusz"]
[Black "Licznerski, Lukasz"]
[Result "1/2-1/2"]
[WhiteElo "1931"]
[BlackElo "1932"]
[PlyCount "23"]
[EventDate "2009.??.??"]

1. c4 e5 2. Nc3 Nf6 3. g3 d5 4. cxd5 Nxd5 5. Bg2 Nb6 6. Nf3 Nc6 7. O-O Be7 8.
d3 Be6 9. Be3 Nd5 10. Nxd5 Bxd5 11. a3 O-O 12. Rc1 1/2-1/2

[Event "XXVI Turniej Szachowy Juniorow "]
[Site "UKS MDK-1 Hetman Bydgoszcz"]
[Date "2009.??.??"]
[Round "7.5"]
[White "Kotula, Oktawia"]
[Black "Zebracki, Tomasz"]
[Result "1-0"]
[WhiteElo "1737"]
[BlackElo "1795"]
[PlyCount "63"]
[EventDate "2009.??.??"]

1. d4 d6 2. c4 e5 3. Nc3 exd4 4. Qxd4 Nc6 5. Qd1 g6 6. b3 Bg7 7. Bb2 Nge7 8.
Nf3 O-O 9. e4 f5 10. Bd3 Re8 11. O-O f4 12. Qd2 Ne5 13. Nxe5 dxe5 14. Nd5 Nxd5
15. cxd5 f3 16. g3 Qd7 17. Rfd1 a5 18. a4 b6 19. Qe3 Rf8 20. Bc4 Ba6 21. Qd3
Bxc4 22. Qxc4 Qh3 23. Qf1 Qg4 24. Qc4 Kh8 25. Rac1 h5 26. Qd3 Rf7 27. Rc6 h4
28. Rdc1 hxg3 29. hxg3 Rc8 30. Re6 Bf6 31. Rxf6 Rh7 32. Qxf3 1-0

[Event "XXVI Turniej Szachowy Juniorow "]
[Site "UKS MDK-1 Hetman Bydgoszcz"]
[Date "2009.??.??"]
[Round "7.6"]
[White "Mazalon, Mateusz"]
[Black "Gajek, Radoslaw"]
[Result "1-0"]
[WhiteElo "1728"]
[BlackElo "1720"]
[PlyCount "81"]
[EventDate "2009.??.??"]

1. e4 g6 2. d4 Bg7 3. Nf3 d6 4. Nc3 Nf6 5. Bg5 O-O 6. Qd2 a6 7. O-O-O b5 8. e5
b4 9. exf6 bxc3 10. Qxc3 exf6 11. Bf4 a5 12. h4 h5 13. Nh2 Bb7 14. Rg1 f5 15.
Bg5 Qc8 16. Qd2 Kh7 17. Bc4 Nc6 18. c3 a4 19. f3 a3 20. b3 Na5 21. Bb5 Qe6 22.
Ba4 f6 23. Rde1 Qf7 24. Bf4 Nc4 25. Qc2 Nb6 26. Bb5 Nd5 27. Bd2 f4 28. g4 hxg4
29. fxg4 Ne3 30. Bxe3 fxe3 31. h5 Bh6 32. hxg6+ Qxg6 33. Bd3 f5 34. gxf5 Qf6
35. Ng4 e2+ 36. Kb1 Qg5 37. Nxh6 Qxh6 38. Rxe2 Rae8 39. Rh2 Rg8 40. Rxh6+ Kxh6
41. Qh2# 1-0